000 00416 a2200121 4500
001 ART_9862
005 20260410161653.0
008 260409a
245 1 0 _aEl arte de emprender o cómo valorar las alternativas estratégicas de un nuevo negocio
100 1 _aSonfield, Matthew C.
700 1 _aLussier, Robert N.
773 0 _tHarvard Deusto Business Review
_g- Nº 82 (ene./feb. 1998)
_wREV521
999 _c14445
_d14445